|
|
|
|
| LEADER |
00000cam a2200000 7i4500 |
| 001 |
0000004112 |
| 002 |
000004424 |
| 005 |
20000330.0 |
| 020 |
|
|
|a 9836231048
|
| 090 |
0 |
0 |
|a 297.19785
|b MUH
|
| 100 |
0 |
|
|a Muhamad Kamal Atiyah
|
| 245 |
1 |
0 |
|a Perakaunan syarikat & bank menurut sistem Islam
|c Muhamad Kamal 'Atiyah
|
| 260 |
|
|
|a Kuala Lumpur :
|b DBP ,
|c 1992
|
| 300 |
|
|
|a 363 p. ;
|c 22 cm.
|
| 650 |
0 |
0 |
|a Accounting
|
| 650 |
0 |
0 |
|a Bank and banking
|x Accounting
|
| 650 |
0 |
0 |
|a Banks and banking
|x Religious aspects
|x Islam
|
| 650 |
0 |
0 |
|a Corporations
|x Accounting
|
| 700 |
0 |
|
|a Mohd Ghazali Abdul Wahid
|
| 999 |
|
|
|a 033419
|b BUKU
|c PINJAMAN
|e PERPUSTAKAAN KOMUNITI PETALING JAYA
|
| 999 |
|
|
|a 034593
|b BUKU
|c PINJAMAN
|e PERPUSTAKAAN KOMUNITI PETALING JAYA
|